| 000 | 00464nam a22001697a 4500 | ||
|---|---|---|---|
| 003 | SGT | ||
| 020 | _a9781259002298 | ||
| 082 | _a535,JEN | ||
| 100 | _aJENKINS A. FRANCIS | ||
| 245 | _aFUNDAMENTALS OF OPTICS | ||
| 250 | _a4TH | ||
| 260 |
_aNEW DELHI _bMC GRAW HILL _c2011 |
||
| 300 | _a746 | ||
| 650 | _aLIGHT & RELATED RADIATION | ||
| 653 | _aPROPERTIES OF LIGHT, PLANE SURFACES AND PRISMS, SPHERICAL SURFACE, THIN LENSES, THICK LENSES | ||
| 942 |
_2ddc _cFPS |
||
| 999 |
_c9405 _d9405 |
||